Every German Football Champion since 1903 - Statistics

General Stats
  • This quiz has been taken 157 times
  • The average score is 96 of 112
Answer Stats
Season Winner % Correct
1931-32 | 1968-69 | 1971-72 | +30 others Bayern Munich
100%
1922-23 | 1927-28 | 1959-60 | +3 others Hamburger SV
100%
1955-56 | 1956-57 | 1962-63 | +5 others Borussia Dortmund
99%
2023-24 Bayer Leverkusen
97%
1949-50 | 1951-52 | 1983-84 | +2 others VfB Stuttgart
94%
2008-09 VfL Wolfsburg
92%
1961-62 | 1963-64 | 1977-78 1. FC Köln
91%
1964-65 | 1987-88 | 1992-93 | 2003-04 Werder Bremen
91%
1933-34 | 1934-35 | 1936-37 | +4 others Schalke 04
90%
1950-51 | 1952-53 | 1990-91 | 1997-98 1. FC Kaiserslautern
88%
1969-70 | 1970-71 | 1974-75 | +2 others Borussia Mönchengladbach
86%
1929-30 | 1930-31 Hertha BSC
81%
1958-59 Eintracht Frankfurt
80%
1919-20 | 1920-21 | 1923-24 | +6 others 1. FC Nürnberg
79%
1902-03 | 1905-06 | 1912-13 VfB Leipzig
73%
1965-66 1860 Munich
70%
1937-38 | 1953-54 Hannover 96
69%
1932-33 Fortuna Düsseldorf
66%
1942-43 | 1943-44 Dresdner SC
64%
1954-55 Rot-Weiss Essen
59%
1904-05 Union 92 Berlin
55%
1966-67 Eintracht Braunschweig
54%
1906-07 Freiburger FC
53%
1913-14 | 1925-26 | 1928-29 SpVgg Fürth
48%
1940-41 Rapid Vienna
47%
1911-12 Holstein Kiel
45%
1909-10 Karlsruher FV
43%
1948-49 VfR Mannheim
40%
1908-09 Phönix Karlsruhe
26%
1907-08 | 1910-11 Viktoria Berlin
24%
No matching quizzes found
Score Distribution
Percent of People with Each Score
Percentile by Number Answered
Your Score History
You have not taken this quiz